| 000 | 01043nam a22002417a 4500 | ||
|---|---|---|---|
| 999 |
_c7183 _d7183 |
||
| 003 | AR-CdUCM | ||
| 008 | 190320b ||||| |||| 00| 0 spa d | ||
| 040 |
_aMUNICIPALIDAD PROVINCIAL DEL CUSCO _cBIBLIOTECA MUNICIPAL DEL CUSCO |
||
| 041 | _hita | ||
| 082 |
_a695 / _bM51 |
||
| 100 |
_aMelan, Ernst _920248 |
||
| 245 | _aIntroducción a la estética de las construcciones / | ||
| 260 |
_aBuenos Aires : _bEl Ateneo, _c1958. |
||
| 300 |
_a342 paginas ; _bCuadros, formulas, diagramas, _c23 cm. |
||
| 500 | _aTitulo original : Einfuhrung in die baustatik | ||
| 505 | _aConstitución de las estructuras resistentes -- Constitución de las estructuras por medio de placas -- Fuerzas exteriores e interiores en la estructura -- Complementos y aplicaciones sobre los capítulos I y II -- Principio de los desplazamientos virtuales ... | ||
| 650 |
_aIngeniería _910043 |
||
| 650 |
_aConstrucciones _913639 |
||
| 650 |
_aEstructuras resistentes _920249 |
||
| 700 |
_aDi Marco, Adolfo (Traductor) _920250 |
||
| 942 |
_2ddc _cLIBROS |
||
| 945 | _awnts | ||